000
00300nam a22001457a 4500
008
230524b ||||| |||| 00| 0 eng d
020
_a
281282
041
_a
FRA
080
_a
82
082
_a
82ROL
100
_a
38
101
_a
GJL
245
_a
LA CHANSON DE ROLAND
_c
ROLAND
942
_2
udc
_c
BK
999
_c
59840
_d
59840